Datum a čas kvízu
37
Celkem bodů
Celkový počet nahraných bodů na tomto kvízu bez doplňovacích otázek.
1.
Pořadí na kvízu
Konečné umístění týmu na tomto kvízu.
Zaznamenané odpovědi
| # | Otázka | Odpověď | Body | Výsledky |
|---|---|---|---|---|
| 1. | Jedna státní instituce prostře... | Státní ústav pro kontrolu léčiv | 0 | |
| 2. | Na letišti v Helsinkách začali... | psi | 1 | |
| 3. | V pondělí bylo v pražském hist... | Divadlo Lucie Bílé | 0 | |
| 4. | Čtenáři serveru Aktuálně.cz hl... | T-Mobile | 1 | |
| 5. | Sotva skončila slavná Tour de... | Arkéa-Samsic | 1 | |
| 6. | Podle zdroje vody se rybníky d... | říční rybník | 1 | |
| 7. | Na obrázku vidíme dravou rybu,... | candát | 1 | |
| 8. | Jak se jmenuje červeně vyznače... | Svět | 1 | |
| 9. | Většina rybníků disponuje jist... | česle / česlice | 1 | |
| 10. | Dle návrhu Štěpánka Netolickéh... | Zlatá stoka | 1 |